00430nam a2200181Ia 4500003000400000005001700004008004100021040000700062041000800069082002100077100001700098245003800115260003900153300001500192365001400207650001200221650001500233OSt20250628095110.0210423s2004 xx 000 0 und d cAL aeng a070.1 223bCOTM aSimon Cottle aMedia organization and production aNew DelhibSage Publicationsc2004 aix,203bPB b1868cINR aGeneral aMass Media